000 00863cab a2200301 4500
001 X1851
008 090401t1995 xxu||||| |||| 00| 0 eng d
035 _a(Sirsi) u19912
041 _aeng
245 _aMembers` affairs: general practice
260 _c1995
350 _a0
490 _aCSM (Chartered Surveyor Monthly)
_v4(3) January 1995, 52-55(4)
650 _aANNUAL DINNER
650 _aBARONESS PLATT
650 _aCOMPLAINTS
650 _aEQUAL OPPORTUNITIES
650 _aGREEN PAPER
650 _aHELPLINE
650 _aLOW VOLTAGE ELECTRICAL EQUIPMENT (SAFETY) REGULATIONS 1989
650 _aNEGLIGENCE
650 _aPROFESSIONAL CONDUCT
650 _aPROFESSIONAL SERVICES
650 _aPROPERTY MISDESCRIPTIONS ACT 1991
690 _aMANAGEMENT-BUSINESS MANAGEMENT-PROFESSIONAL PRACTICE
942 _n0
948 _c04/03/1997
999 _c13346
_d13346